000 00791nam a2200229Ia 4500
003 OSt
005 20220923225153.0
006 a|||||r|||| 00| 0
007 ta
008 220922b |||||||| |||| 00| 0 urd d
024 _a259,298
037 _cTextual
040 _aARTS
_cARTS
_burd
041 _2urd
_aurd
082 _aO168,3NHAx2, 152N1
100 _aकुर्रतुलऐन हैदर
245 0 _aपतझर की आवाज़, अनु माजदा असद
246 _aPatazar kī āvāज़, anu mājadā asada
260 _aनई दिल्ली
_b साहित्य अकादेमी
_c1991
942 _hO168,3NHAx2, 152N1
_cTEXL
_2CC
999 _c376515
_d376515